Т. 326, № 12; Известия Томского политехнического университета [Известия ТПУ]. Инжиниринг георесурсов

التفاصيل البيبلوغرافية
Parent link:Известия Томского политехнического университета [Известия ТПУ]. Инжиниринг георесурсов/ Национальный исследовательский Томский политехнический университет (ТПУ). Т. 326, № 12.— , 2015-.— 2413-1830
اللغة:الروسية
منشور في: 2015
الموضوعات:
الوصول للمادة أونلاين:http://earchive.tpu.ru/handle/11683/43935
التنسيق: الكتروني كتاب
KOHA link:https://koha.lib.tpu.ru/cgi-bin/koha/opac-detail.pl?biblionumber=312418

MARC

LEADER 00000nlm2a2200000 4500
001 312418
005 20231102002502.0
035 |a (RuTPU)RU\TPU\book\337786 
090 |a 312418 
100 |a 20151222d2015 k y0rusy50 ca 
101 0 |a rus 
102 |a RU 
135 |a drcn ---uucaa 
181 0 |a i  
182 0 |a b 
200 0 |a Т. 326, № 12 
203 |a Текст  |c электронный 
210 |d 2015 
320 |a Библиогр. в конце статей 
461 1 |0 (RuTPU)RU\TPU\book\312844  |x 2413-1830  |t Известия Томского политехнического университета [Известия ТПУ]. Инжиниринг георесурсов  |f Национальный исследовательский Томский политехнический университет (ТПУ)  |v Т. 326, № 12  |d 2015-  
601 0 2 |a Национальный исследовательский Томский политехнический университет (ТПУ)  |c (2009- )  |2 stltpush  |3 (RuTPU)RU\TPU\col\15902 
606 |a Научно-технический потенциал  |2 stltpush  |3 (RuTPU)RU\TPU\subj\45166  |9 64427 
610 1 |a научные исследования 
610 1 |a труды учёных ТПУ 
610 1 |a нефтяные месторождения 
610 1 |a сланцевая нефть 
610 1 |a оборудование 
610 1 |a георесурсы 
610 1 |a добыча 
610 1 |a транспортировка 
610 1 |a минеральное сырье 
610 1 |a высокоэффективные энергоблоки 
610 1 |a теплоэлектростанции 
610 1 |a природные пожары 
610 1 |a антропогенные нагрузки 
610 1 |a скважины 
610 1 |a газодинамические исследования 
610 1 |a открытая угледобыча 
610 1 |a отвалообразование 
610 1 |a электротехническое оборудование 
610 1 |a ресурсоэффективность 
610 1 |a газ 
610 1 |a геоинформационные системы 
610 1 |a глобальное потепление 
610 1 |a климатические изменения 
610 1 |a мониторинг 
610 1 |a горнотранспортное оборудование 
610 1 |a угольная промышленность 
610 1 |a угледобывающая отрасль 
675 |a 62  |v 3 
801 2 |a RU  |b 63413507  |c 20200429  |g RCR 
856 4 0 |u http://earchive.tpu.ru/handle/11683/43935 
942 |c CF